000 01288nam a22003737 4500
003 CHAP
005 20220817044301.0
008 090817s2007 it a rn 00010 eng d
010 _a96581
011 _a97553
020 _a9789251058497
035 _a108221
040 _cCHAP
090 _aFolleto 17432y
_bv.1
110 2 _aFAO
245 1 0 _aGood practice for the small-scale production of bottled coconut water
_c/by Rosa Role
260 _aRome :
_bFAO,
_c2007
300 _aix, 35 p. :
_bilus., gráfs.
490 0 _aRecursos y materiales de capacitacion en tecnologia agricola y alimentaria
_v; 1
590 _aBATCH-UPD
_b10
_c20130110
_lUCH01
_h0844
590 _aBATCH-UPD
_b10
_c20130410
_lUCH01
_h0518
590 _aBATCH-UPD
_b10
_c20130914
_lUCH01
_h0217
590 _aCONVERSION
_b10
_c20130109
_lUCH01
_h1353
650 1 4 _aAgua de coco.
_92411
650 1 4 _aAlimentos
_xProcesado.
_94267
650 1 4 _aEmbotellado.
_936468
650 1 4 _aEmpresas pequeñas.
_936658
650 1 4 _aInocuidad alimentaria.
_958836
700 1 _aRolle, Rosa
_999447
830 0 _aRecursos y materiales de capacitacion en tecnologia agricola y alimentaria
_v; 1
_995339
901 _aBK
942 _cFOLL
949 _aFolleto 17432y v.1
_bBC
_cFAO
_d33724002074538
_eFAO1
_gDonaciØn
_i108221
_sb
999 _c96581
_d96581